00518nam a22001811 450000500170000001000130001702000260003003500170005603500130007303700100008608200100009610000180010624500600012426000390018427000660022330000270028950000200031620110901161930.0 aG-001310 a9788183340274c225.00 aB-345633-636 aG-001310 bGift  a371.4 aSharma, P.K.  aEducational guidance and counselling /cby P.K. Sharma  aNew Delhi bEssential Books c2009 a4264/3, IInd Floor, Ansri Road, Daryaganj,bNew Delhik110002 avi, 278 p.c24cm(pbk)  aIncludes index